Newton and religion : (Record no. 122913)
[ view plain ]
| 000 -LEADER | |
|---|---|
| fixed length control field | 01245fam a2200337 a 4500 |
| 001 - CONTROL NUMBER | |
| control field | 2306379 |
| 005 - DATE AND TIME OF LATEST TRANSACTION | |
| control field | 20150715123918.0 |
| 008 - FIXED-LENGTH DATA ELEMENTS--GENERAL INFORMATION | |
| fixed length control field | 990323s1999 ne 101 0 eng |
| 010 ## - LIBRARY OF CONGRESS CONTROL NUMBER | |
| LC control number | 99015083 |
| 020 ## - INTERNATIONAL STANDARD BOOK NUMBER | |
| International Standard Book Number | 0792357442 (alk. paper) |
| 035 ## - SYSTEM CONTROL NUMBER | |
| System control number | (OCoLC)41090612 |
| 035 ## - SYSTEM CONTROL NUMBER | |
| System control number | (OCoLC)ocm41090612 |
| 035 ## - SYSTEM CONTROL NUMBER | |
| System control number | (NNC)2306379 |
| 040 ## - CATALOGING SOURCE | |
| Original cataloging agency | DLC |
| Transcribing agency | DLC |
| Modifying agency | NNC |
| 042 ## - AUTHENTICATION CODE | |
| Authentication code | pcc |
| 043 ## - GEOGRAPHIC AREA CODE | |
| Geographic area code | e-uk--- |
| 050 00 - LIBRARY OF CONGRESS CALL NUMBER | |
| Classification number | QC16 N7N561 |
| 082 00 - DEWEY DECIMAL CLASSIFICATION NUMBER | |
| Classification number | 230/.044/092 |
| Edition number | 21 |
| 245 00 - TITLE STATEMENT | |
| Title | Newton and religion : |
| Remainder of title | context, nature, and influence / |
| Statement of responsibility, etc | edited by James E. Force and Richard H. Popkin. |
| 260 ## - PUBLICATION, DISTRIBUTION, ETC. (IMPRINT) | |
| Place of publication, distribution, etc | Dordrecht ; |
| -- | Boston : |
| Name of publisher, distributor, etc | Kluwer, |
| Date of publication, distribution, etc | 1999. |
| 263 ## - PROJECTED PUBLICATION DATE | |
| Projected publication date | 9907 |
| 300 ## - PHYSICAL DESCRIPTION | |
| Extent | xvii, 325 p. ; |
| Dimensions | 25 cm. |
| 490 1# - SERIES STATEMENT | |
| Series statement | International archives of the history of ideas = |
| -- | Archives internationales d'histoire des idées ; |
| Volume number/sequential designation | vol. 161 |
| 600 10 - SUBJECT ADDED ENTRY--PERSONAL NAME | |
| Personal name | Newton, Isaac, |
| Dates associated with a name | 1642-1727 |
| General subdivision | Religion |
| Form subdivision | Congresses. |
| 9 (RLIN) | 18094 |
| 630 00 - SUBJECT ADDED ENTRY--UNIFORM TITLE | |
| Uniform title | Bible |
| General subdivision | Criticism, interpretation, etc. |
| Geographic subdivision | Great Britain |
| General subdivision | History |
| Chronological subdivision | 17th century |
| Form subdivision | Congresses. |
| 9 (RLIN) | 18095 |
| 700 1# - ADDED ENTRY--PERSONAL NAME | |
| Personal name | Force, James E. |
| 9 (RLIN) | 18096 |
| 700 1# - ADDED ENTRY--PERSONAL NAME | |
| Personal name | Popkin, Richard H. |
| Fuller form of name | (Richard Henry), |
| Dates associated with a name | 1923-2005. |
| 9 (RLIN) | 18097 |
| 830 #0 - SERIES ADDED ENTRY--UNIFORM TITLE | |
| Uniform title | Archives internationales d'histoire des idées ; |
| Volume number/sequential designation | 161. |
| 9 (RLIN) | 18098 |
| 942 ## - ADDED ENTRY ELEMENTS (KOHA) | |
| Source of classification or shelving scheme | Library of Congress Classification |
| Item type | Monograph ( Printed materials) |
| Withdrawn status | Lost status | Source of classification or shelving scheme | Damaged status | Not for loan | Collection code | Home library | Current library | Shelving location | Date acquired | Total Checkouts | Full call number | Barcode | Date last seen | Price effective from | Koha item type |
|---|---|---|---|---|---|---|---|---|---|---|---|---|---|---|---|
| Library of Congress Classification | Main Collection | ARRUPE LIBRARY | ARRUPE LIBRARY | Main Collection | 15/07/2015 | QC16 N7N561 | 46500004590 | 02/07/2019 | 15/07/2015 | Monograph ( Printed materials) |